[Event "KGZ-ch"]
[Site "Bishkek"]
[Date "2019.04.20"]
[Round "8"]
[White "Meleshin, Vasily"]
[Black "Atambaev, Selim"]
[Result "0-1"]
[WhiteElo "1684"]
[BlackElo "1363"]
[PlyCount "130"]
[EventDate "2019.04.13"]
[EventType "swiss"]
[EventRounds "9"]
[EventCountry "KGZ"]
[SourceTitle "CBM 190 Extra"]
[Source "ChessBase"]
[SourceDate "2019.07.15"]
[SourceVersion "1"]
[SourceVersionDate "2019.07.15"]
[SourceQuality "1"]

1. d4 Nf6 2. c4 e6 3. Nc3 Bb4 4. Qc2 0-0 5. a3 Bxc3+ 6. Qxc3 b6 7. Bg5 Bb7 8. f3 d5 9. e3 Nbd7 10. Bd3 c5 11. Ne2 cxd4 12. exd4 Rc8 13. Qb3 h6 14. Bh4 Re8 15. 0-0 e5 16. cxd5 Bxd5 17. Qa4 exd4 18. Qxd4 Qe7 19. Nc3 Qe3+ 20. Bf2 Qxd4 21. Bxd4 Bc4 22. Rfd1 Bxd3 23. Rxd3 Ne5 24. Rdd1 Rc4 25. Nb5 Re6 26. b3 Rc2 27. Re1 Nc6 28. Rxe6 fxe6 29. Bf2 Nd5 30. Re1 Nf4 31. Kf1 Nd3 32. Re2 Rc1+ 33. Be1 e5 34. Re3 Nxe1 35. Rxe1 Rc5 36. Nd6 Rc3 37. Rb1 Nd4 38. Kf2 Nxb3 39. Nb5 Rc2+ 40. Kg3 Nd4 41. Nxa7 Ne2+ 42. Kg4 Nd4 43. Kg3 Nf5+ 44. Kh3 Ne3 45. g3 Nc4 46. Rb3 Nd2 47. Re3 Nf1 48. Rxe5 Rxh2+ 49. Kg4 Rg2 50. Nc8 Rxg3+ 51. Kf4 Kh7 52. Nxb6 g5+ 53. Ke4 Nd2+ 54. Ke3 Nxf3 55. Re7+ Kg6 56. Kf2 Rh3 57. a4 Nd4 58. a5 Ra3 59. Nc4 Ra4 60. Rc7 h5 61. Ke3 Nf5+ 62. Kd3 h4 63. Rc6+ Kh5 64. a6 h3 65. Ne3 Nxe3 0-1

[Event "Bishkek Smart Cup 4th"]
[Site "Bishkek"]
[Date "2019.??.??"]
[Round "7"]
[White "Atambaev, Selim"]
[Black "Azarov, Alim"]
[Result "1-0"]
[WhiteElo "1451"]
[BlackElo "1292"]
[PlyCount "50"]
[EventDate "2019.02.01"]
[EventType "swiss"]
[EventRounds "9"]
[EventCountry "KGZ"]
[SourceTitle "EXT 2021"]
[Source "ChessBase"]
[SourceDate "2020.10.23"]
[SourceVersion "1"]
[SourceVersionDate "2020.10.23"]
[SourceQuality "1"]

1. d4 d5 2. c4 e6 3. Nc3 Nf6 4. cxd5 exd5 5. Bg5 Be7 6. e3 c6 7. Qc2 Nbd7 8. Bd3 0-0 9. Nge2 Re8 10. 0-0 Nf8 11. f3 Be6 12. Rad1 Rc8 13. Kh1 N6d7 14. Bf4 Ng6 15. e4 Nb6 16. e5 c5 17. Bb5 Rf8 18. dxc5 Rxc5 19. Be3 Rc8 20. f4 Bg4 21. h3 Bxe2 22. Qxe2 Bc5 23. Bxc5 Rxc5 24. f5 Ne7 25. f6 Ng6 1-0